| 000 | 00665nam a22002297a 4500 | ||
|---|---|---|---|
| 005 | 20170124110027.0 | ||
| 010 | _aA-712475 | ||
| 020 | _c00.00 | ||
| 035 | _aA-712475 | ||
| 037 | _bCen Lib/Ret | ||
| 040 |
_aDPL _bEN |
||
| 082 |
_a410 _bBHA |
||
| 100 |
_aBhat, D.N.S. _920925 |
||
| 245 |
_aAn introduction to linguistics / _cby D.N.S.Bhat |
||
| 260 |
_aImphal _bTeachers forum _c1986 |
||
| 270 |
_aCanchipur _bImphal |
||
| 300 |
_a188p. _c19cm(Hb) |
||
| 500 | _aIncludes bibliographical reference and index | ||
| 650 |
_aGrammar, Comparative and general _920926 |
||
| 650 |
_aLanguage and languages _920927 |
||
| 942 |
_2ddc _cEN _h410 _mBHA |
||
| 999 |
_c127586 _d127586 |
||